[Event "Dhaka op"]
[Site "Dhaka"]
[Date "2016.06.24"]
[Round "1"]
[White "Christopher, Roy"]
[Black "S, M Sharon"]
[Result "0-1"]
[WhiteElo "1714"]
[BlackElo "2114"]
[PlyCount "50"]
[EventDate "2016.06.24"]
[EventType "swiss"]
[EventRounds "9"]
[EventCountry "BAN"]
[SourceTitle "EXT 2017"]
[Source "ChessBase"]
[SourceDate "2016.10.25"]
[SourceVersion "1"]
[SourceVersionDate "2016.10.25"]
[SourceQuality "1"]

1. e4 e6 2. d4 d5 3. e5 c5 4. c3 Qb6 5. Nf3 Bd7 6. Bd3 Bb5 7. Bc2 Nc6 8. b3 Rc8 9. a4 Ba6 10. Ba3 cxd4 11. Bxf8 Kxf8 12. b4 d3 13. Bxd3 Nxb4 14. Bxa6 Nxa6 15. 0-0 Nc5 16. Nbd2 Ne7 17. Nd4 Nc6 18. Qe2 Qc7 19. f4 a6 20. Rf3 g6 21. Rh3 Kg7 22. Qg4 h5 23. Qg3 Qd7 24. Rf1 Nxd4 25. cxd4 Nxa4 0-1